[Event "Limba Open M"]
[Site "Poronin"]
[Date "2021.05.28"]
[Round "9.38"]
[White "Antoniewicz, Jakub"]
[Black "Malik, Maciej"]
[Result "0-1"]
[BlackElo "1958"]
[WhiteElo "1864"]
[LiveChessVersion "1.4.8"]

1. c4 {[%clk 1:30:57]} Nf6 {[%clk 1:30:32]} 2. Nc3 {[%clk 1:31:22]} g6
{[%clk 1:30:47]} 3. g3 {[%clk 1:31:46]} Bg7 {[%clk 1:31:02]} 4. Bg2
{[%clk 1:32:09]} O-O {[%clk 1:30:34]} 5. e4 {[%clk 1:32:32]} d6 {[%clk 1:30:59]}
6. Nge2 {[%clk 1:32:39]} e5 {[%clk 1:29:31]} 7. O-O {[%clk 1:32:58]} c6
{[%clk 1:28:16]} 8. d3 {[%clk 1:32:08]} a6 {[%clk 1:28:03]} 9. a4
{[%clk 1:31:36]} a5 {[%clk 1:28:27]} 10. h3 {[%clk 1:31:02]} Na6 {[%clk 1:28:22]}
11. Be3 {[%clk 1:30:22]} Nb4 {[%clk 1:27:04]} 12. d4 {[%clk 1:24:00]} Nd7
{[%clk 0:56:25]} 13. f4 {[%clk 1:20:20]} Qb6 {[%clk 0:50:05]} 14. Qd2
{[%clk 1:15:19]} exd4 {[%clk 0:42:37]} 15. Nxd4 {[%clk 1:12:57]} Nc5
{[%clk 0:42:59]} 16. Ra3 {[%clk 0:54:57]} Nbd3 {[%clk 0:38:27]} 17. Nb3
{[%clk 0:54:07]} Nxb3 {[%clk 0:38:08]} 18. Qxd3 {[%clk 0:54:32]} Bd4
{[%clk 0:38:29]} 19. Nd1 {[%clk 0:49:25]} Bxe3+ {[%clk 0:38:15]} 20. Nxe3
{[%clk 0:49:54]} Nc5 {[%clk 0:37:31]} 21. Qxd6 {[%clk 0:43:33]} Bxh3
{[%clk 0:20:12]} 22. Bxh3 {[%clk 0:36:15]} Nxe4 {[%clk 0:20:20]} 23. Qd3
{[%clk 0:32:57]} Rfe8 {[%clk 0:20:15]} 24. Rb3 {[%clk 0:22:44]} Qa7
{[%clk 0:20:01]} 25. Qc2 {[%clk 0:20:38]} Nxg3 {[%clk 0:13:51]} 26. Rf3
{[%clk 0:18:09]} Nh5 {[%clk 0:10:32]} 27. Qf2 {[%clk 0:18:05]} f5
{[%clk 0:09:03]} 28. Nc2 {[%clk 0:14:00]} Qxf2+ {[%clk 0:08:52]} 29. Kxf2
{[%clk 0:14:15]} Re4 {[%clk 0:09:21]} 30. Bf1 {[%clk 0:04:36]} Rd8
{[%clk 0:08:25]} 31. Bd3 {[%clk 0:02:22]} Rxf4 {[%clk 0:08:41]} 32. Rxf4
{[%clk 0:01:52]} Nxf4 {[%clk 0:09:06]} 33. Ke3 {[%clk 0:02:18]} Ne6
{[%clk 0:09:24]} 34. Bf1 {[%clk 0:00:37]} Nc5 {[%clk 0:09:26]} 35. Rb6
{[%clk 0:00:44]} Rd7 {[%clk 0:09:22]} 36. b3 {[%clk 0:00:55]} Rc7
{[%clk 0:09:22]} 37. Kd4 {[%clk 0:00:57]} Nd7 {[%clk 0:09:47]} 38. c5
{[%clk 0:00:34]} Nxb6 {[%clk 0:10:11]} 39. cxb6 {[%clk 0:01:02]} Rd7+
{[%clk 0:10:23]} 40. Ke5 {[%clk 0:30:57]} Kf7 {[%clk 0:40:17]} 41. Bc4+
{[%clk 0:30:28]} Ke7 {[%clk 0:40:38]} 42. b4 {[%clk 0:30:20]} h5 {[%clk 0:19:44]}
43. bxa5 {[%clk 0:23:42]} h4 {[%clk 0:20:10]} 44. Nd4 {[%clk 0:24:09]} h3
{[%clk 0:19:25]} 45. Nf3 {[%clk 0:24:29]} Rd8 {[%clk 0:18:32]} 46. a6
{[%clk 0:03:46]} bxa6 {[%clk 0:18:54]} 47. Bxa6 {[%clk 0:00:43]} Ra8
{[%clk 0:19:11]} 48. Bb7 {[%clk 0:00:36]} Ra5+ {[%clk 0:19:03]} 49. Kf4
{[%clk 0:01:03]} Rxa4+ {[%clk 0:18:38]} 50. Kg3 {[%clk 0:00:49]} Rb4
{[%clk 0:18:38]} 51. Bxc6 {[%clk 0:00:43]} Rxb6 {[%clk 0:19:02]} 52. Bd5
{[%clk 0:00:51]} Rb5 {[%clk 0:18:50]} 53. Bc4 {[%clk 0:00:43]} Rb4
{[%clk 0:19:00]} 54. Bd3 {[%clk 0:00:35]} Rb3 {[%clk 0:18:59]} 55. Ne1
{[%clk 0:00:36]} Kf6 {[%clk 0:18:31]} 56. Kxh3 {[%clk 0:01:03]} g5
{[%clk 0:18:47]} 57. Kg2 {[%clk 0:01:09]} Ke5 {[%clk 0:18:40]} 58. Bc2
{[%clk 0:00:37]} Rc3 {[%clk 0:18:40]} 59. Ba4 {[%clk 0:00:31]} Kf4
{[%clk 0:18:31]} 60. Bd7 {[%clk 0:00:45]} Ra3 {[%clk 0:18:38]} 61. Bb5
{[%clk 0:00:33]} Ra2+ {[%clk 0:18:29]} 62. Kf1 {[%clk 0:00:54]} Kg3
{[%clk 0:18:33]} 63. Nd3 {[%clk 0:00:58]} f4 {[%clk 0:18:32]} 64. Bc4
{[%clk 0:00:52]} Ra1+ {[%clk 0:18:52]} 65. Ke2 {[%clk 0:01:19]} f3+
{[%clk 0:18:35]} 66. Ke3 {[%clk 0:01:38]} g4 {[%clk 0:18:11]} 67. Nc5
{[%clk 0:00:41]} Re1+ {[%clk 0:18:22]} 68. Kd3 {[%clk 0:01:07]} f2
{[%clk 0:18:11]} 69. Ne4+ {[%clk 0:01:36]} Kg2 {[%clk 0:18:29]} 0-1

[Event "Limba Open M"]
[Site "Poronin"]
[Date "2021.05.28"]
[Round "9.39"]
[White "Kozlowski, Pawel"]
[Black "Warchol, Bartosz"]
[Result "0-1"]
[BlackElo "1888"]
[WhiteElo "1956"]
[LiveChessVersion "1.4.8"]

1. e4 {[%clk 1:30:25]} c5 {[%clk 1:30:46]} 2. Nc3 {[%clk 1:30:43]} Nc6
{[%clk 1:30:54]} 3. g3 {[%clk 1:30:55]} g6 {[%clk 1:30:47]} 4. Bg2
{[%clk 1:31:19]} Bg7 {[%clk 1:31:13]} 5. d3 {[%clk 1:31:43]} e6 {[%clk 1:30:41]}
6. Be3 {[%clk 1:32:04]} d6 {[%clk 1:30:38]} 7. Qd2 {[%clk 1:32:23]} Rb8
{[%clk 1:30:12]} 8. Nge2 {[%clk 1:32:44]} Nd4 {[%clk 1:29:23]} 9. O-O
{[%clk 1:32:28]} b5 {[%clk 1:29:19]} 10. Nd1 {[%clk 1:28:46]} Bb7
{[%clk 1:14:51]} 11. Nc1 {[%clk 1:26:25]} Qc7 {[%clk 1:11:31]} 12. c3
{[%clk 1:26:06]} Nc6 {[%clk 1:11:47]} 13. d4 {[%clk 1:22:01]} Na5
{[%clk 1:06:02]} 14. b3 {[%clk 1:15:26]} Ne7 {[%clk 1:02:21]} 15. Bh6
{[%clk 1:06:12]} O-O {[%clk 1:02:04]} 16. Bxg7 {[%clk 1:04:43]} Kxg7
{[%clk 1:02:26]} 17. Nd3 {[%clk 0:53:55]} cxd4 {[%clk 0:59:47]} 18. cxd4
{[%clk 0:52:42]} Nac6 {[%clk 1:00:01]} 19. d5 {[%clk 0:46:35]} exd5
{[%clk 0:54:00]} 20. exd5 {[%clk 0:46:16]} Ne5 {[%clk 0:50:33]} 21. Rc1
{[%clk 0:29:54]} Qb6 {[%clk 0:48:41]} 22. Qb2 {[%clk 0:27:28]} f6
{[%clk 0:41:55]} 23. Nf4 {[%clk 0:27:47]} Rfc8 {[%clk 0:40:05]} 24. Ne3
{[%clk 0:25:14]} Kf7 {[%clk 0:27:03]} 25. Qe2 {[%clk 0:22:35]} Rxc1
{[%clk 0:25:02]} 26. Rxc1 {[%clk 0:23:04]} Rc8 {[%clk 0:25:07]} 27. Re1
{[%clk 0:20:41]} Rc3 {[%clk 0:18:41]} 28. Qd2 {[%clk 0:14:40]} Rc8
{[%clk 0:10:12]} 29. h4 {[%clk 0:13:19]} Qc5 {[%clk 0:09:37]} 30. Ne6
{[%clk 0:12:44]} Qb6 {[%clk 0:07:34]} 31. Kh1 {[%clk 0:11:15]} h5
{[%clk 0:06:27]} 32. Qe2 {[%clk 0:06:10]} Ba6 {[%clk 0:04:42]} 33. f4
{[%clk 0:05:07]} b4 {[%clk 0:04:00]} 34. Nc4 {[%clk 0:04:37]} Rxc4
{[%clk 0:03:29]} 35. bxc4 {[%clk 0:03:59]} Bxc4 {[%clk 0:03:53]} 36. Qc2
{[%clk 0:01:11]} Ng4 {[%clk 0:02:49]} 37. Qxc4 {[%clk 0:00:35]} Nf2+
{[%clk 0:02:19]} 38. Kh2 {[%clk 0:00:52]} Ng4+ {[%clk 0:02:12]} 39. Kh3
{[%clk 0:00:51]} Nf2+ {[%clk 0:01:58]} 40. Kh2 {[%clk 0:31:15]} Ng4+
{[%clk 0:32:00]} 41. Kh1 {[%clk 0:29:51]} Nf2+ {[%clk 0:27:27]} 42. Kg1
{[%clk 0:18:21]} Nd3+ {[%clk 0:25:36]} 43. Kh2 {[%clk 0:10:17]} Nxe1
{[%clk 0:25:23]} 44. f5 {[%clk 0:10:02]} Qf2 {[%clk 0:13:37]} 45. fxg6+
{[%clk 0:09:43]} Nxg6 {[%clk 0:12:41]} 46. Qc7+ {[%clk 0:07:39]} Ne7
{[%clk 0:11:46]} 47. Nf4 {[%clk 0:07:49]} Nxg2 {[%clk 0:10:16]} 48. Nxg2
{[%clk 0:08:12]} Qxa2 {[%clk 0:09:22]} 49. Qxd6 {[%clk 0:08:12]} Nxd5
{[%clk 0:09:01]} 50. Kh3 {[%clk 0:06:24]} Qc4 {[%clk 0:06:50]} 51. Qd7+
{[%clk 0:04:54]} Ne7 {[%clk 0:07:03]} 52. Qxa7 {[%clk 0:05:19]} b3
{[%clk 0:06:43]} 53. Qa3 {[%clk 0:02:17]} Qb5 {[%clk 0:04:53]} 54. Nf4
{[%clk 0:01:24]} b2 {[%clk 0:02:30]} 55. Qa2+ {[%clk 0:01:50]} Kg7
{[%clk 0:02:03]} 56. Nxh5+ {[%clk 0:01:02]} Qxh5 {[%clk 0:01:24]} 57. Qxb2
{[%clk 0:01:25]} Qe5 {[%clk 0:01:08]} 58. Qa3 {[%clk 0:00:43]} Nf5
{[%clk 0:01:15]} 59. Qa7+ {[%clk 0:00:50]} Kh6 {[%clk 0:01:01]} 60. Qf2
{[%clk 0:00:54]} Qe4 {[%clk 0:00:35]} 61. Qf1 {[%clk 0:00:36]} Kg6
{[%clk 0:00:42]} 62. Kh2 {[%clk 0:00:32]} Ne3 {[%clk 0:00:37]} 63. Qg1
{[%clk 0:00:44]} Qf3 {[%clk 0:00:47]} 64. Qb1+ {[%clk 0:00:37]} Kh6
{[%clk 0:00:54]} 65. Qg1 {[%clk 0:01:04]} f5 {[%clk 0:00:58]} 66. Kh3
{[%clk 0:00:54]} Kh5 {[%clk 0:01:03]} 67. Kh2 {[%clk 0:01:10]} Kg4
{[%clk 0:00:58]} 68. h5 {[%clk 0:01:06]} Nf1+ {[%clk 0:01:15]} 0-1

[Event "Limba Open M"]
[Site "Poronin"]
[Date "2021.05.28"]
[Round "9.40"]
[White "Krawczyk, Flawian"]
[Black "Gajewski, Patryk"]
[Result "1/2-1/2"]
[BlackElo "1787"]
[WhiteElo "2014"]
[LiveChessVersion "1.4.8"]

1. e4 {[%clk 1:30:57]} e5 {[%clk 1:30:30]} 2. Nf3 {[%clk 1:31:02]} Nc6
{[%clk 1:30:53]} 3. Bc4 {[%clk 1:31:21]} Nf6 {[%clk 1:31:02]} 4. Ng5
{[%clk 1:31:46]} d5 {[%clk 1:31:21]} 5. exd5 {[%clk 1:32:11]} Nd4
{[%clk 1:31:44]} 6. c3 {[%clk 1:32:37]} b5 {[%clk 1:32:06]} 7. Bf1
{[%clk 1:33:02]} Nxd5 {[%clk 1:18:22]} 8. cxd4 {[%clk 1:32:30]} Qxg5
{[%clk 1:17:51]} 9. Bxb5+ {[%clk 1:32:52]} Kd8 {[%clk 1:18:05]} 10. O-O
{[%clk 1:33:11]} Rb8 {[%clk 1:05:49]} 11. d3 {[%clk 1:20:19]} Nf4
{[%clk 0:58:40]} 12. Bc6 {[%clk 1:13:44]} Bg4 {[%clk 0:40:40]} 13. Bf3
{[%clk 1:07:37]} h5 {[%clk 0:33:43]} 14. dxe5 {[%clk 1:05:09]} Qxe5 15. d4
{[%clk 0:49:01]} Qf5 {[%clk 0:30:52]} 16. Nc3 {[%clk 0:34:14]} Bd6
{[%clk 0:28:30]} 17. Ne4 {[%clk 0:29:02]} Nh3+ {[%clk 0:19:22]} 18. Kh1
{[%clk 0:29:21]} Qxe4 {[%clk 0:19:34]} 19. Bxe4 {[%clk 0:29:18]} Bxd1
{[%clk 0:19:57]} 20. gxh3 {[%clk 0:29:15]} Ba4 {[%clk 0:19:03]} 21. b3
{[%clk 0:22:35]} Bd7 {[%clk 0:16:30]} 22. Kg2 {[%clk 0:21:08]} Re8
{[%clk 0:16:52]} 23. Bd3 {[%clk 0:10:37]} Bc6+ {[%clk 0:16:10]} 24. f3
{[%clk 0:10:53]} Bb5 {[%clk 0:16:22]} 25. Bg5+ {[%clk 0:05:21]} f6
{[%clk 0:16:00]} 26. Bxb5 {[%clk 0:05:50]} Rxb5 {[%clk 0:16:00]} 27. Bh4
{[%clk 0:05:36]} Rd5 {[%clk 0:12:05]} 28. Rad1 {[%clk 0:05:15]} 1/2-1/2

[Event "Limba Open M"]
[Site "Poronin"]
[Date "2021.05.28"]
[Round "9.41"]
[White "Trybus, Daniel"]
[Black "Dziewonski, Dariusz"]
[Result "1/2-1/2"]
[BlackElo "1983"]
[WhiteElo "1889"]
[LiveChessVersion "1.4.8"]

1. e4 {[%clk 1:30:57]} c5 {[%clk 1:30:56]} 2. Nf3 {[%clk 1:31:25]} e6
{[%clk 1:31:21]} 3. d4 {[%clk 1:31:53]} cxd4 {[%clk 1:31:48]} 4. Nxd4
{[%clk 1:32:21]} Nf6 {[%clk 1:32:12]} 5. Nc3 {[%clk 1:32:46]} Nc6
{[%clk 1:32:39]} 6. Ndb5 {[%clk 1:33:13]} Bb4 {[%clk 1:33:03]} 7. a3
{[%clk 1:33:40]} Bxc3+ {[%clk 1:33:28]} 8. Nxc3 {[%clk 1:34:08]} d5
{[%clk 1:33:51]} 9. exd5 {[%clk 1:34:35]} exd5 {[%clk 1:34:16]} 10. Bd3
{[%clk 1:34:55]} O-O {[%clk 1:34:38]} 11. O-O {[%clk 1:35:17]} d4
{[%clk 1:35:02]} 12. Ne2 {[%clk 1:35:35]} Bg4 {[%clk 1:35:25]} 13. Re1
{[%clk 1:35:13]} Bxe2 {[%clk 1:31:13]} 14. Rxe2 {[%clk 1:33:45]} Qd6
{[%clk 1:24:45]} 15. Re1 {[%clk 1:24:39]} Rfe8 {[%clk 1:19:50]} 16. Rxe8+
{[%clk 1:16:26]} Rxe8 {[%clk 1:20:14]} 17. Bg5 {[%clk 1:15:28]} Qe5
{[%clk 1:05:59]} 18. Bh4 {[%clk 1:07:06]} Ne4 {[%clk 1:00:39]} 19. Qg4
{[%clk 1:00:35]} f5 {[%clk 0:50:19]} 20. Qh5 {[%clk 0:59:51]} g6 {[%clk 0:45:35]}
21. Qh6 {[%clk 0:58:13]} Qg7 {[%clk 0:44:54]} 22. Qf4 {[%clk 0:54:23]} Qe5
{[%clk 0:42:11]} 23. Qh6 {[%clk 0:54:31]} Qg7 {[%clk 0:41:50]} 24. Qf4
{[%clk 0:49:59]} Qe5 {[%clk 0:41:40]} 25. Qh6 {[%clk 0:50:24]} 1/2-1/2

[Event "Limba Open M"]
[Site "Poronin"]
[Date "2021.05.28"]
[Round "9.42"]
[White "Krawczyk, Wojciech"]
[Black "Galant, Ireneusz"]
[Result "1-0"]
[BlackElo "1827"]
[WhiteElo "1932"]
[LiveChessVersion "1.4.8"]

1. c4 {[%clk 1:30:52]} f5 {[%clk 1:29:46]} 2. Nc3 {[%clk 1:30:00]} Nf6
{[%clk 1:30:09]} 3. d4 {[%clk 1:30:21]} e6 {[%clk 1:30:01]} 4. g3
{[%clk 1:30:28]} Be7 {[%clk 1:30:00]} 5. Bg2 {[%clk 1:30:41]} O-O
{[%clk 1:30:19]} 6. Nf3 {[%clk 1:31:08]} Ne4 {[%clk 1:29:24]} 7. O-O
{[%clk 1:30:32]} d5 {[%clk 1:26:46]} 8. Ne5 {[%clk 1:15:17]} Nd7 {[%clk 1:22:25]}
9. cxd5 {[%clk 1:14:04]} Ndf6 {[%clk 1:12:21]} 10. dxe6 {[%clk 1:10:56]} c6
{[%clk 1:10:45]} 11. f3 {[%clk 1:00:23]} Nxc3 {[%clk 1:07:54]} 12. bxc3
{[%clk 0:59:49]} Bxe6 {[%clk 1:07:22]} 13. e4 {[%clk 0:53:43]} Qa5
{[%clk 1:00:53]} 14. Qc2 {[%clk 0:53:10]} Nd7 {[%clk 0:58:53]} 15. Nxd7
{[%clk 0:40:59]} Bxd7 {[%clk 0:59:05]} 16. Qb3+ {[%clk 0:41:09]} Kh8 17. Re1
{[%clk 0:41:27]} fxe4 {[%clk 0:57:11]} 18. fxe4 {[%clk 0:41:41]} c5
{[%clk 0:50:46]} 19. d5 {[%clk 0:33:59]} c4 {[%clk 0:49:43]} 20. Qxb7
{[%clk 0:21:28]} Bc5+ {[%clk 0:40:19]} 21. Be3 {[%clk 0:21:21]} Bxe3+
{[%clk 0:38:23]} 22. Rxe3 {[%clk 0:21:43]} Qc5 {[%clk 0:38:45]} 23. Rae1
{[%clk 0:20:19]} Ba4 {[%clk 0:25:02]} 24. Qb4 {[%clk 0:17:24]} Qxb4
{[%clk 0:22:44]} 25. cxb4 {[%clk 0:17:50]} Kg8 {[%clk 0:20:47]} 26. e5
{[%clk 0:16:45]} Kf7 {[%clk 0:20:59]} 27. Rc3 {[%clk 0:15:20]} Rac8
{[%clk 0:20:01]} 28. Bh3 {[%clk 0:14:41]} Rc7 {[%clk 0:17:49]} 29. d6
{[%clk 0:14:42]} Rc6 {[%clk 0:17:50]} 30. Bd7 {[%clk 0:14:48]} Rxd6
{[%clk 0:17:01]} 31. exd6 1-0

[Event "Limba Open M"]
[Site "Poronin"]
[Date "2021.05.28"]
[Round "9.43"]
[White "Stachecki, Mikolaj"]
[Black "Budzisz, Adrian"]
[Result "1-0"]
[BlackElo "1879"]
[WhiteElo "1724"]
[LiveChessVersion "1.4.8"]

1. e4 {[%clk 1:30:59]} c5 {[%clk 1:30:54]} 2. Nf3 {[%clk 1:31:18]} e6
{[%clk 1:31:19]} 3. d4 {[%clk 1:31:43]} cxd4 {[%clk 1:31:44]} 4. Nxd4
{[%clk 1:32:09]} Nf6 {[%clk 1:32:01]} 5. Nc3 {[%clk 1:32:09]} d6 {[%clk 1:32:23]}
6. Be2 {[%clk 1:31:44]} a6 {[%clk 1:32:09]} 7. O-O {[%clk 1:32:02]} Be7
{[%clk 1:32:28]} 8. f4 {[%clk 1:32:05]} Qc7 {[%clk 1:31:59]} 9. a4
{[%clk 1:32:03]} O-O {[%clk 1:30:26]} 10. Be3 {[%clk 1:30:57]} b6
{[%clk 1:28:22]} 11. Bf3 {[%clk 1:28:50]} Bb7 {[%clk 1:28:47]} 12. g4
{[%clk 1:28:23]} Rd8 {[%clk 1:24:04]} 13. g5 {[%clk 1:28:19]} Ne8
{[%clk 1:24:29]} 14. Bg2 {[%clk 1:23:13]} e5 {[%clk 1:13:19]} 15. Nf5
{[%clk 1:22:07]} Bf8 {[%clk 1:13:44]} 16. Qh5 {[%clk 1:16:59]} g6
{[%clk 1:04:44]} 17. Nh6+ {[%clk 1:17:20]} Bxh6 {[%clk 1:05:11]} 18. Qxh6
{[%clk 1:17:45]} exf4 {[%clk 1:04:52]} 19. Rxf4 {[%clk 1:10:15]} Nd7
{[%clk 1:04:46]} 20. Rxf7 {[%clk 0:59:40]} Kxf7 {[%clk 1:04:12]} 21. Qxh7+
{[%clk 1:00:04]} Kf8 {[%clk 1:04:17]} 22. Rf1+ {[%clk 0:59:52]} Ndf6
{[%clk 1:04:42]} 23. Qh8+ {[%clk 0:49:37]} Ke7 {[%clk 0:52:40]} 24. Bh3
{[%clk 0:45:55]} Rd7 {[%clk 0:45:12]} 25. gxf6+ {[%clk 0:45:18]} Kd8
{[%clk 0:45:36]} 26. Bxd7 {[%clk 0:39:35]} Qxd7 {[%clk 0:45:52]} 27. Bxb6+
{[%clk 0:36:33]} Kc8 {[%clk 0:46:17]} 28. f7 {[%clk 0:31:16]} Qg4+
{[%clk 0:46:25]} 29. Kf2 {[%clk 0:31:40]} Kd7 {[%clk 0:46:52]} 30. f8=Q
{[%clk 0:31:16]} Kc6 {[%clk 0:44:46]} 31. Qf3 {[%clk 0:30:56]} Qe6
{[%clk 0:44:59]} 32. Qd4 {[%clk 0:30:55]} 1-0

[Event "Limba Open M"]
[Site "Poronin"]
[Date "2021.05.28"]
[Round "9.44"]
[White "Fraczek, Weronika"]
[Black "Bugaj, Hanna"]
[Result "1-0"]
[BlackElo "1729"]
[WhiteElo "1867"]
[LiveChessVersion "1.4.8"]

1. e4 {[%clk 1:30:46]} c5 {[%clk 1:30:54]} 2. Nf3 {[%clk 1:30:51]} e6
{[%clk 1:31:17]} 3. b3 {[%clk 1:30:05]} Nc6 {[%clk 1:29:59]} 4. e5
{[%clk 1:27:53]} d6 {[%clk 1:28:07]} 5. Bb2 {[%clk 1:26:00]} dxe5
{[%clk 1:23:21]} 6. Nxe5 {[%clk 1:26:02]} Nxe5 {[%clk 1:23:41]} 7. Bxe5
{[%clk 1:26:26]} Nf6 {[%clk 1:22:54]} 8. Nc3 {[%clk 1:25:56]} a6 {[%clk 1:21:15]}
9. Bd3 {[%clk 1:21:44]} Bd6 {[%clk 1:17:39]} 10. Qe2 {[%clk 1:19:32]} O-O
{[%clk 1:16:19]} 11. f4 {[%clk 1:11:45]} Nd5 {[%clk 1:02:00]} 12. O-O
{[%clk 1:03:27]} f5 {[%clk 0:55:48]} 13. Rae1 {[%clk 0:51:35]} Nb4
{[%clk 0:43:12]} 14. Rf3 {[%clk 0:48:48]} Bxe5 {[%clk 0:37:58]} 15. Qxe5
{[%clk 0:47:29]} b6 {[%clk 0:35:29]} 16. Rg3 {[%clk 0:41:55]} Qd4+
{[%clk 0:29:42]} 17. Qxd4 {[%clk 0:39:07]} cxd4 {[%clk 0:29:55]} 18. Ne2
{[%clk 0:38:57]} Rd8 {[%clk 0:26:29]} 19. a3 {[%clk 0:37:07]} Nd5
{[%clk 0:24:45]} 20. Nxd4 {[%clk 0:33:02]} Nxf4 {[%clk 0:24:02]} 21. c3
{[%clk 0:32:50]} Nxd3 {[%clk 0:11:22]} 22. Rxd3 {[%clk 0:32:48]} Kf7
{[%clk 0:10:39]} 23. Nc6 {[%clk 0:29:01]} Rxd3 {[%clk 0:10:52]} 24. Ne5+
{[%clk 0:29:26]} Kf6 {[%clk 0:11:14]} 25. Nxd3 {[%clk 0:29:52]} Bb7
{[%clk 0:11:03]} 26. Ne5 {[%clk 0:29:46]} Rd8 {[%clk 0:09:41]} 27. d4
{[%clk 0:28:28]} g5 {[%clk 0:07:45]} 28. Rd1 {[%clk 0:25:42]} h5 {[%clk 0:07:02]}
29. a4 {[%clk 0:21:51]} Be4 {[%clk 0:05:50]} 30. Rd2 {[%clk 0:21:01]} g4
{[%clk 0:03:10]} 31. Rf2 {[%clk 0:17:21]} Ke7 {[%clk 0:01:08]} 32. Re2
{[%clk 0:16:01]} Rg8 {[%clk 0:00:50]} 33. g3 {[%clk 0:15:55]} Rg7
{[%clk 0:00:38]} 34. Kf2 {[%clk 0:15:36]} Rh7 {[%clk 0:00:53]} 35. Ke3
{[%clk 0:15:02]} Kf6 {[%clk 0:01:04]} 36. Kf4 {[%clk 0:12:41]} h4
{[%clk 0:00:38]} 37. Nxg4+ {[%clk 0:11:39]} Ke7 {[%clk 0:00:39]} 38. Ne3
{[%clk 0:09:41]} hxg3 {[%clk 0:00:45]} 39. hxg3 {[%clk 0:09:29]} Rh1
{[%clk 0:00:39]} 40. d5 {[%clk 0:32:39]} exd5 {[%clk 0:30:36]} 41. Ke5
{[%clk 0:27:40]} Rb1 {[%clk 0:19:41]} 42. Nxd5+ {[%clk 0:25:04]} Kf7
{[%clk 0:16:07]} 43. b4 {[%clk 0:20:36]} Rd1 {[%clk 0:09:28]} 44. Nxb6
{[%clk 0:15:27]} Rd3 {[%clk 0:09:31]} 45. Nc4 {[%clk 0:11:01]} Rxg3
{[%clk 0:00:37]} 46. Nd6+ {[%clk 0:10:53]} Kg6 {[%clk 0:00:32]} 47. Nxe4
{[%clk 0:10:55]} fxe4 {[%clk 0:00:58]} 48. Rxe4 {[%clk 0:10:33]} Rxc3
{[%clk 0:01:22]} 49. Kd4 {[%clk 0:10:20]} Rc6 {[%clk 0:01:23]} 50. Kd5
{[%clk 0:10:42]} 1-0

[Event "Limba Open M"]
[Site "Poronin"]
[Date "2021.05.28"]
[Round "9.45"]
[White "Smietanska, Wiktoria"]
[Black "Obrochta, Lena"]
[Result "1-0"]
[BlackElo "1753"]
[WhiteElo "1879"]
[LiveChessVersion "1.4.8"]

1. e4 {[%clk 1:30:57]} c5 {[%clk 1:30:49]} 2. Nf3 {[%clk 1:31:20]} e6
{[%clk 1:31:14]} 3. d4 {[%clk 1:31:42]} cxd4 {[%clk 1:31:39]} 4. Nxd4
{[%clk 1:32:04]} a6 {[%clk 1:32:01]} 5. Bd3 {[%clk 1:32:09]} Nf6 {[%clk 1:32:15]}
6. O-O {[%clk 1:32:17]} Qc7 {[%clk 1:32:12]} 7. Qe2 {[%clk 1:32:27]} d6
{[%clk 1:30:33]} 8. f4 {[%clk 1:32:43]} Nbd7 {[%clk 1:29:58]} 9. Nb3
{[%clk 1:20:19]} Be7 {[%clk 1:27:28]} 10. Be3 {[%clk 1:18:38]} O-O
{[%clk 1:22:48]} 11. c4 {[%clk 1:17:07]} b6 {[%clk 1:19:11]} 12. Nc3
{[%clk 1:15:19]} Bb7 {[%clk 1:17:27]} 13. Rac1 {[%clk 1:13:19]} Rac8
{[%clk 1:17:00]} 14. Kh1 {[%clk 1:11:16]} Qb8 {[%clk 1:11:25]} 15. Rfd1
{[%clk 1:05:07]} Qa8 {[%clk 1:07:32]} 16. Bg1 {[%clk 1:01:55]} h5
{[%clk 1:03:22]} 17. h3 {[%clk 0:51:10]} Bd8 {[%clk 1:00:53]} 18. Rd2
{[%clk 0:43:23]} Bc7 {[%clk 0:57:11]} 19. Bh2 {[%clk 0:41:02]} g6
{[%clk 0:42:18]} 20. Bb1 {[%clk 0:30:50]} Rfd8 {[%clk 0:36:47]} 21. Rcd1
{[%clk 0:30:12]} Nc5 {[%clk 0:26:37]} 22. Nxc5 {[%clk 0:28:13]} bxc5
{[%clk 0:25:46]} 23. f5 {[%clk 0:26:03]} e5 {[%clk 0:23:15]} 24. Qe3
{[%clk 0:22:23]} Kg7 {[%clk 0:22:57]} 25. Rf1 {[%clk 0:19:54]} Rf8
{[%clk 0:22:09]} 26. Bg3 {[%clk 0:17:21]} Qb8 {[%clk 0:20:00]} 27. Bh4
{[%clk 0:15:14]} Bd8 {[%clk 0:19:57]} 28. Rdf2 {[%clk 0:12:59]} Be7
{[%clk 0:16:24]} 29. Bg5 {[%clk 0:12:47]} Qc7 {[%clk 0:16:07]} 30. Bh6+
{[%clk 0:12:50]} Kh7 {[%clk 0:16:18]} 31. Bxf8 {[%clk 0:12:53]} Rxf8
{[%clk 0:16:40]} 32. Nd5 {[%clk 0:12:28]} Bxd5 {[%clk 0:15:52]} 33. exd5
{[%clk 0:12:32]} Qd8 {[%clk 0:14:00]} 34. fxg6+ {[%clk 0:11:13]} fxg6
{[%clk 0:14:24]} 35. Qg5 {[%clk 0:09:45]} Qe8 {[%clk 0:12:40]} 36. Rxf6
{[%clk 0:08:37]} Bxf6 {[%clk 0:12:56]} 37. Rxf6 {[%clk 0:08:58]} Rxf6
{[%clk 0:13:06]} 38. Qxf6 {[%clk 0:09:22]} 1-0

[Event "Limba Open M"]
[Site "Poronin"]
[Date "2021.05.28"]
[Round "9.46"]
[White "Zielonka, Adam"]
[Black "Czaplak, Lukasz"]
[Result "1-0"]
[BlackElo "1868"]
[WhiteElo "1686"]
[LiveChessVersion "1.4.8"]

1. c4 {[%clk 1:30:58]} Nf6 {[%clk 1:30:49]} 2. Nc3 {[%clk 1:31:18]} g6
{[%clk 1:31:13]} 3. g3 {[%clk 1:31:39]} Bg7 {[%clk 1:31:38]} 4. Bg2
{[%clk 1:32:05]} O-O {[%clk 1:32:02]} 5. e4 {[%clk 1:32:26]} d6 {[%clk 1:32:09]}
6. Nge2 {[%clk 1:32:46]} Nc6 {[%clk 1:31:39]} 7. O-O {[%clk 1:33:05]} e5
{[%clk 1:30:35]} 8. d3 {[%clk 1:33:17]} Be6 {[%clk 1:26:24]} 9. Nd5
{[%clk 1:27:28]} Qd7 {[%clk 1:21:24]} 10. Bg5 {[%clk 1:26:43]} Ne8
{[%clk 1:20:16]} 11. Qd2 {[%clk 1:26:32]} f6 {[%clk 1:15:43]} 12. Bh6
{[%clk 1:22:41]} Nd8 {[%clk 1:09:27]} 13. Bxg7 {[%clk 1:22:50]} Kxg7
{[%clk 1:09:27]} 14. f4 {[%clk 1:19:46]} c6 {[%clk 1:02:05]} 15. Ne3
{[%clk 1:19:47]} c5 {[%clk 1:01:25]} 16. f5 {[%clk 1:13:53]} Bf7 {[%clk 1:00:48]}
17. Ng4 {[%clk 1:10:24]} g5 {[%clk 1:01:11]} 18. h4 {[%clk 1:08:36]} h6
{[%clk 0:58:10]} 19. hxg5 {[%clk 1:07:32]} hxg5 {[%clk 0:58:29]} 20. Kf2
{[%clk 1:07:48]} Bh5 {[%clk 0:55:06]} 21. Bf3 {[%clk 1:07:54]} Qf7
{[%clk 0:51:02]} 22. Nh6 {[%clk 1:05:06]} Kxh6 {[%clk 0:51:02]} 23. Bxh5
{[%clk 1:05:26]} Qg8 {[%clk 0:48:55]} 24. Rh1 {[%clk 1:03:17]} Kg7
{[%clk 0:49:19]} 25. Bg6 {[%clk 1:02:26]} 1-0

[Event "Limba Open M"]
[Site "Poronin"]
[Date "2021.05.28"]
[Round "9.47"]
[White "Bartodziej, Bartosz"]
[Black "Owoc, Jakub"]
[Result "1-0"]
[BlackElo "1753"]
[WhiteElo "1784"]
[LiveChessVersion "1.4.8"]

1. e4 {[%clk 1:30:53]} c5 {[%clk 1:30:52]} 2. Nf3 {[%clk 1:31:13]} e6
{[%clk 1:31:15]} 3. d4 {[%clk 1:31:39]} cxd4 {[%clk 1:31:37]} 4. Nxd4
{[%clk 1:32:03]} Nc6 {[%clk 1:31:58]} 5. Nc3 {[%clk 1:32:11]} Qc7
{[%clk 1:32:01]} 6. Be2 {[%clk 1:32:25]} a6 {[%clk 1:32:21]} 7. O-O
{[%clk 1:32:35]} Nf6 {[%clk 1:32:39]} 8. Be3 {[%clk 1:32:25]} Be7
{[%clk 1:32:56]} 9. f4 {[%clk 1:23:05]} d6 {[%clk 1:33:09]} 10. Qe1
{[%clk 1:18:36]} O-O {[%clk 1:33:20]} 11. Kh1 {[%clk 1:16:02]} Nxd4
{[%clk 1:28:17]} 12. Bxd4 {[%clk 1:16:30]} e5 {[%clk 1:28:34]} 13. fxe5
{[%clk 1:14:13]} dxe5 {[%clk 1:27:37]} 14. Qg3 {[%clk 1:12:33]} Nd7
{[%clk 1:23:32]} 15. Nd5 {[%clk 1:07:51]} Qd6 {[%clk 1:22:27]} 16. Bc3
{[%clk 1:00:56]} f5 {[%clk 1:07:40]} 17. Rad1 {[%clk 0:50:24]} b5
{[%clk 0:48:37]} 18. exf5 {[%clk 0:46:47]} Bb7 {[%clk 0:44:23]} 19. f6
{[%clk 0:45:11]} Nxf6 {[%clk 0:39:17]} 20. Nxf6+ Qxf6 {[%clk 0:39:25]} 21. Rxf6
{[%clk 0:45:47]} Bxf6 {[%clk 0:39:40]} 22. Bxe5 {[%clk 0:37:39]} Rae8
{[%clk 0:38:26]} 23. Bxf6 {[%clk 0:36:42]} Rxf6 {[%clk 0:38:48]} 24. Bf3
{[%clk 0:33:24]} 1-0